00523nam a22001577a 4500020001800000082001400018100002100032245005200053250000800105260003700113300000800150650007100158942000700229999001500236952011400251 a9789694949765 a495.18242 aHasan Javed Syed aChinese made easy:spoken chinese in 100 lessons a2nd aIslamabadbParamount Booksc2014 a187 aChinese language-study and teaching-urdu speakers-english speakers cBK c2481d2481 00102ddc4070aCLbCLcGENd2016-01-21l1o495.182421 HASpS3H-D-81r2024-12-18s2018-10-04w2016-01-21yBK